[Event "C.to Provinciale NA"]
[Site "Napoli ITA"]
[Date "2011.12.15"]
[Round "1"]
[White "Avolio, Giovanni"]
[Black "Lerro, Luca"]
[Result "1-0"]
[WhiteElo "1879"]
[BlackElo "1693"]
[PlyCount "44"]
[EventDate "2011.12.15"]

1. c4 e5 2. Nc3 Nf6 3. g3 c6 4. Bg2 Bc5 5. e3 d6 6. Nge2 Be6 7. d4 exd4 8. exd4
Bb4 9. Qb3 a5 10. O-O O-O 11. d5 cxd5 12. cxd5 Bf5 13. Nd4 Bd3 14. Re1 Qb6 15.
Be3 Qa6 16. Qd1 Bxc3 17. bxc3 Be4 18. Bf1 b5 19. Nxb5 Qb7 20. Nxd6 Qxd5 21.
Nxe4 Qxd1 22. Nxf6+ gxf6 1-0

[Event "C.to Provinciale NA"]
[Site "Napoli ITA"]
[Date "2011.12.15"]
[Round "1"]
[White "Borrelli, Salvatore"]
[Black "Messina, Enrico"]
[Result "0-1"]
[WhiteElo "1961"]
[BlackElo "2125"]
[PlyCount "138"]
[EventDate "2011.12.15"]

1. f4 c5 2. Nf3 g6 3. d3 Bg7 4. e4 Nc6 5. Be2 d5 6. O-O e6 7. c3 Nge7 8. Na3
O-O 9. Be3 d4 10. Bd2 dxc3 11. Bxc3 Nd4 12. Nxd4 Bxd4+ 13. Kh1 b6 14. Qa4 Bd7
15. Qc4 Nc6 16. Nc2 Bxc3 17. Qxc3 Rc8 18. Rad1 Qe7 19. Bg4 Rfd8 20. f5 exf5 21.
exf5 Qg5 22. fxg6 hxg6 23. Bxd7 Rxd7 24. d4 Rcd8 25. Qf3 Nxd4 26. Nxd4 cxd4 27.
Rd3 Qd5 28. Qf6 Qd6 29. Qh4 Qf8 30. Rfd1 Qg7 31. Qe4 Rd5 32. Qe7 R8d7 33. Qe8+
Qf8 34. Qe4 Qe7 35. Qxe7 Rxe7 36. Kg1 Re4 37. Kf2 f5 38. Kf3 Kf7 39. h3 Ke6 40.
g4 Ke5 41. gxf5 gxf5 42. Rh1 Rf4+ 43. Ke2 Rd6 44. h4 Rh6 45. h5 Rg4 46. Kf3
Rf4+ 47. Ke2 Ke4 48. Ra3 a5 49. Rah3 Rg4 50. Rf1 f4 51. Rf2 Rg3 52. Rh4 d3+ 53.
Kd2 Rf3 54. Rxf3 Kxf3 55. Kxd3 Kg3 56. Rh1 f3 57. Rg1+ Kf2 58. Rg5 Kf1 59. Kd2
Rd6+ 60. Kc2 f2 61. h6 Rxh6 62. Kd3 Rd6+ 63. Kc2 Ke2 64. Re5+ Kf3 65. Rf5+ Ke3
66. Kc1 Rc6+ 67. Kd1 Rd6+ 68. Kc2 Rd4 69. Re5+ Re4 0-1

[Event "C.to Provinciale NA"]
[Site "Napoli ITA"]
[Date "2011.12.15"]
[Round "1"]
[White "Buiano, Fabio"]
[Black "Schiappoli, Dario"]
[Result "1-0"]
[WhiteElo "2036"]
[BlackElo "1942"]
[PlyCount "59"]
[EventDate "2011.12.15"]

1. e4 c5 2. Nc3 Nc6 3. f4 g6 4. Nf3 Bg7 5. Bb5 Nd4 6. O-O Nxb5 7. Nxb5 Qa5 8.
Nc3 b5 9. d3 e6 10. e5 f5 11. Bd2 b4 12. Ne2 Ne7 13. a3 Qb6 14. Be3 Nd5 15. Bf2
Ba6 16. axb4 Nxb4 17. Qd2 d5 18. Ra4 O-O 19. Rfa1 Bb7 20. c3 Nc6 21. b4 Qc7 22.
Bxc5 Rfc8 23. Ned4 Nxd4 24. Nxd4 Kf7 25. Rxa7 Bf8 26. Rxa8 Bxa8 27. Ra7 Bb7 28.
Bxf8 Rxf8 29. Qe3 Qb6 30. Nxf5 1-0

[Event "C.to Provinciale NA"]
[Site "Napoli ITA"]
[Date "2011.12.15"]
[Round "1"]
[White "Caiazzo, Diego"]
[Black "Caporali, Dante"]
[Result "1/2-1/2"]
[WhiteElo "1856"]
[BlackElo "1577"]
[PlyCount "91"]
[EventDate "2011.12.15"]

1. Nf3 Nf6 2. b3 g6 3. Bb2 Bg7 4. c4 O-O 5. g3 b6 6. Bg2 Bb7 7. O-O d6 8. d4 e6
9. Nc3 Nbd7 10. Qc2 d5 11. Rad1 dxc4 12. bxc4 c6 13. e3 Qc7 14. Nd2 Rac8 15.
Nce4 Nxe4 16. Nxe4 Nf6 17. Nxf6+ Bxf6 18. c5 Rfd8 19. Rd2 b5 20. Bc3 a5 21. a3
Rb8 22. Rb1 Bg7 23. Qd1 e5 24. dxe5 Rxd2 25. Qxd2 Rd8 26. Qe1 Ra8 27. f4 a4 28.
Rd1 Bf8 29. Bb4 Bc8 30. Rd4 Be6 31. Qd2 Be7 32. Qd1 h5 33. Bf3 Kg7 34. Qc2 Rc8
35. Rd1 Bb3 36. Qc1 Bxd1 37. Qxd1 Qa7 38. Qc2 Kf8 39. Be4 Qc7 40. Kg2 Kg7 41.
Bf3 Qd7 42. Qe4 Qa7 43. Qc2 Qd7 44. Qe4 Qd5 45. Qc2 Qd7 46. Qe4 1/2-1/2

[Event "C.to Provinciale NA"]
[Site "Napoli ITA"]
[Date "2011.12.15"]
[Round "1"]
[White "Capone, Vincenzo"]
[Black "Di Meo, Antonio"]
[Result "1-0"]
[WhiteElo "2176"]
[BlackElo "1968"]
[PlyCount "59"]
[EventDate "2011.12.15"]

1. d4 c6 2. c4 g6 3. e4 Bg7 4. Nc3 d6 5. Be3 Nd7 6. Qd2 Qc7 7. f4 Ngf6 8. Nf3
O-O 9. Bd3 e5 10. fxe5 dxe5 11. d5 Re8 12. h3 Nh5 13. O-O-O a6 14. Kb1 b6 15.
Bc2 Bb7 16. Ne2 b5 17. g4 Nhf6 18. d6 Qd8 19. c5 a5 20. Rdf1 Nf8 21. Ng5 Bc8
22. Nxf7 Kxf7 23. g5 a4 24. gxf6 Bxf6 25. Bg5 Nd7 26. Bxf6 Nxf6 27. Qh6 Kg8 28.
Rhg1 Ra7 29. Rf2 Nh5 30. Qxh5 1-0

[Event "C.to Provinciale NA"]
[Site "Napoli ITA"]
[Date "2011.12.15"]
[Round "1"]
[White "De Rosa, Francesco"]
[Black "Esposito, Luca"]
[Result "0-1"]
[WhiteElo "1968"]
[BlackElo "2234"]
[PlyCount "74"]
[EventDate "2011.12.15"]

1. d4 Nf6 2. c4 c5 3. Nf3 cxd4 4. Nxd4 e6 5. Nc3 Nc6 6. e3 Bb4 7. Qc2 d5 8.
Nxc6 bxc6 9. Bd2 O-O 10. Be2 Bd6 11. O-O Bc7 12. Rfd1 Qd6 13. g3 a6 14. e4 Qe7
15. Be3 Rd8 16. a3 Bb7 17. Rac1 Be5 18. exd5 cxd5 19. cxd5 Nxd5 20. Nxd5 Bxd5
21. Bc5 Qb7 22. b4 Rdc8 23. Qd2 Rd8 24. Qc2 Rdc8 25. Rd2 h5 26. f4 Bd6 27. Bxh5
Rc7 28. Qd1 Bxc5+ 29. bxc5 Qa7 30. Qa4 Rxc5 31. Rxc5 Qxc5+ 32. Kf1 Rb8 33. Rc2
Qe3 34. Bd1 Bb3 35. Rc8+ Rxc8 36. Qxb3 Qxb3 37. Bxb3 Rc3 0-1

[Event "C.to Provinciale NA"]
[Site "Napoli ITA"]
[Date "2011.12.15"]
[Round "1"]
[White "Gallina, Giacomo"]
[Black "Gallo, Thomas Renato"]
[Result "0-1"]
[WhiteElo "1697"]
[BlackElo "1887"]
[PlyCount "90"]
[EventDate "2011.12.15"]

1. e4 e5 2. Nc3 Nf6 3. Bc4 Nxe4 4. Qh5 Nd6 5. Qxe5+ Qe7 6. Qxe7+ Bxe7 7. Bb3 c6
8. Nf3 Na6 9. a3 O-O 10. O-O Nc5 11. Ba2 Bf6 12. d4 Ne6 13. Rd1 Nf5 14. d5 Ned4
15. Nxd4 Nxd4 16. Bb1 Re8 17. Be3 Nf5 18. Bd2 b6 19. g4 Nd6 20. Ba2 Bb7 21.
Rab1 b5 22. Bf4 Ne4 23. Nxe4 Rxe4 24. dxc6 Bxc6 25. Bg3 Rxg4 26. Bd5 h5 27. Kf1
Re8 28. c3 a5 29. f3 Rg5 30. Bxc6 dxc6 31. Rd6 Rc5 32. Rbd1 Rc4 33. Rd7 b4 34.
cxb4 axb4 35. b3 Rc3 36. Rc7 Rxf3+ 37. Kg2 Rxb3 38. axb4 Rxb4 39. Rxc6 h4 40.
Be1 Re2+ 41. Kf3 Rbb2 42. h3 Rh2 43. Kg4 Rbg2+ 44. Kf3 Re2 45. Rd3 Rxh3+ 0-1

[Event "C.to Provinciale NA"]
[Site "Napoli ITA"]
[Date "2011.12.15"]
[Round "1"]
[White "Miccoli, Livio"]
[Black "Esposito, Rosario"]
[Result "1/2-1/2"]
[WhiteElo "1670"]
[BlackElo "1859"]
[PlyCount "72"]
[EventDate "2011.12.15"]

1. e4 c5 2. Nc3 Nc6 3. g3 g6 4. Bg2 Bg7 5. Nge2 e6 6. d3 Nge7 7. O-O d6 8. Be3
O-O 9. Qd2 Nd4 10. f4 Rb8 11. Rf2 b5 12. Raf1 b4 13. Nd1 Bd7 14. Nc1 a5 15. c3
bxc3 16. bxc3 Nb5 17. g4 Qc8 18. f5 exf5 19. gxf5 Bxf5 20. exf5 Nxf5 21. Bh3
Qd8 22. Bxf5 Nxc3 23. Bh3 Nxd1 24. Rxd1 Rb2 25. Qe1 Qb6 26. Rxb2 Qxb2 27. Rd2
Qe5 28. Re2 Qh5 29. Qg3 Re8 30. Bf4 Qd5 31. Be3 Qe6 32. Bxc5 Be5 33. Bxd6 Qxd6
34. Qe1 Bxh2+ 35. Kh1 Rxe2 36. Qxe2 Be5 1/2-1/2

[Event "C.to Provinciale NA"]
[Site "Napoli ITA"]
[Date "2011.12.15"]
[Round "1"]
[White "Russo Spena, Vincenzo"]
[Black "Accardo, Francesco"]
[Result "0-1"]
[WhiteElo "1504"]
[BlackElo "1855"]
[PlyCount "60"]
[EventDate "2011.12.15"]

1. e4 g5 2. d3 h6 3. Nd2 Bg7 4. Rb1 b5 5. Be2 Nf6 6. e5 Nd5 7. Bf3 c6 8. Bxd5
cxd5 9. d4 b4 10. Ne2 Nc6 11. a3 a5 12. b3 d6 13. axb4 dxe5 14. b5 Nb4 15. Ba3
Qb6 16. Bxb4 axb4 17. c4 O-O 18. dxe5 Bf5 19. Ra1 Bxe5 20. Rxa8 Rxa8 21. Nf3
Ra1 22. Nc1 Bc3+ 23. Nd2 Bd3 24. Nxd3 Rxd1+ 25. Kxd1 Qd4 26. Kc2 e5 27. Nf3 Qe4
28. b6 dxc4 29. bxc4 Qxc4 30. Rb1 b3+ 0-1

[Event "C.to Provinciale NA"]
[Site "Napoli ITA"]
[Date "2011.12.15"]
[Round "1"]
[White "Sparice, Lorenzo"]
[Black "Somma, Andrea"]
[Result "0-1"]
[WhiteElo "1374"]
[BlackElo "1771"]
[PlyCount "31"]
[EventDate "2011.12.15"]

1. e4 d5 2. exd5 Qxd5 3. Nc3 Qa5 4. d4 Nf6 5. Nf3 c6 6. Bd2 Bf5 7. Ne4 Qc7 8.
Nxf6+ gxf6 9. Bd3 Bg6 10. Bc3 Nd7 11. Bxg6 hxg6 12. Qd3 e6 13. O-O-O O-O-O 14.
Kb1 Nb6 15. Ba5 Bd6 16. g3 {...} 0-1

[Event "C.to Provinciale NA"]
[Site "Napoli ITA"]
[Date "2011.12.15"]
[Round "1"]
[White "Taurisano, Vincenzo"]
[Black "Sgammato, Francesco"]
[Result "1-0"]
[WhiteElo "1898"]
[BlackElo "1718"]
[PlyCount "83"]
[EventDate "2011.12.15"]

1. d4 d5 2. c4 e6 3. Nc3 c6 4. cxd5 exd5 5. Nf3 Nf6 6. Bg5 Be7 7. e3 Bf5 8. Bd3
Ne4 9. Bxe7 Qxe7 10. O-O O-O 11. Qc2 Nd7 12. a3 Ndf6 13. h3 h6 14. Ne5 Bh7 15.
Rac1 Rac8 16. b4 Ng5 17. Bxh7+ Nfxh7 18. Na4 Nf6 19. Nc5 Nfe4 20. Qe2 Nd6 21.
Rfd1 Rfe8 22. a4 b6 23. Nb3 Qb7 24. Rc2 c5 25. bxc5 bxc5 26. Nxc5 Qe7 27. Rdc1
Nge4 28. Nxe4 Rxc2 29. Rxc2 Nxe4 30. Qb5 Nf6 31. Qc5 Qe6 32. Qxa7 Ne4 33. Rc7
Nd6 34. Rc6 Rd8 35. Qb6 Qe7 36. a5 f6 37. Nd3 Nc4 38. Rc7 Qf8 39. Qa7 Kh8 40.
Nc5 Ra8 41. Qb7 Rxa5 42. Rc8 1-0

[Event "C.to Provinciale NA"]
[Site "Napoli ITA"]
[Date "2011.12.15"]
[Round "1"]
[White "Zinnai, Graziano Matteo"]
[Black "La Sala, Alberto"]
[Result "1-0"]
[WhiteElo "1937"]
[BlackElo "2023"]
[PlyCount "51"]
[EventDate "2011.12.15"]

1. e4 c5 2. Nf3 e6 3. d3 d5 4. Nbd2 Nc6 5. c3 Nf6 6. g3 Be7 7. Bg2 O-O 8. O-O
dxe4 9. dxe4 e5 10. Qc2 Qc7 11. Nc4 Be6 12. Ne3 b6 13. Bd2 Rfd8 14. Rad1 Rac8
15. Bc1 b5 16. Nh4 Bf8 17. Nd5 Qb7 18. Nxf6+ gxf6 19. Be3 b4 20. Nf5 Kh8 21.
Bh3 b3 22. Qe2 Rxd1 23. Rxd1 Rd8 24. a3 Qc8 25. Rxd8 Nxd8 26. Qh5 1-0

[Event "C.to Provinciale NA"]
[Site "Napoli ITA"]
[Date "2011.12.22"]
[Round "2"]
[White "Accardo, Francesco"]
[Black "De Rosa, Francesco"]
[Result "0-1"]
[WhiteElo "1855"]
[BlackElo "1968"]
[PlyCount "88"]
[EventDate "2011.12.15"]

1. g4 d5 2. Bg2 c6 3. h3 e5 4. d4 Bd6 5. c4 Be6 6. Nc3 e4 7. Qb3 Qb6 8. Qd1 Qc7
9. a4 Ne7 10. c5 Bf4 11. e3 Bh6 12. h4 g6 13. b4 a6 14. Bb2 Bxe3 15. fxe3 Qg3+
16. Kf1 Bxg4 17. Qe1 Nf5 18. Bc1 Qc7 19. Nge2 Nd7 20. Qf2 Nf6 21. Qf4 Qxf4+ 22.
exf4 Kf8 23. Rh2 Kg7 24. Bb2 Rhe8 25. b5 axb5 26. a5 Ne3+ 27. Kg1 Nc4 28. Bc1
Nxa5 29. Ng3 Nb3 30. Rb1 Nxd4 31. h5 e3 32. Bb2 e2 33. hxg6 fxg6 34. Nxd5 cxd5
35. Bxd4 e1=Q+ 36. Rxe1 Rxe1+ 37. Kf2 Re7 38. Be5 Kf7 39. Rh1 Ra2+ 40. Kg1 b4
41. Kh2 Bf3 42. Rg1 Rxg2+ 43. Rxg2 Bxg2 44. Kxg2 Rxe5 0-1

[Event "C.to Provinciale NA"]
[Site "Napoli ITA"]
[Date "2011.12.22"]
[Round "2"]
[White "Caporali, Dante"]
[Black "Solombrino, Giovanni"]
[Result "1/2-1/2"]
[WhiteElo "1577"]
[BlackElo "1850"]
[PlyCount "52"]
[EventDate "2011.12.15"]

1. d4 d5 2. c4 c6 3. Nf3 Bf5 4. e3 e6 5. Nc3 Nf6 6. Be2 Bd6 7. O-O O-O 8. b3
Nbd7 9. Bb2 Ne4 10. Rc1 Ndf6 11. Nh4 Nxc3 12. Bxc3 Bg6 13. Nxg6 hxg6 14. Bb2
Qe7 15. Bd3 Ba3 16. Bxa3 Qxa3 17. Qd2 Qd6 18. h3 Rfd8 19. c5 Qc7 20. Rc2 e5 21.
dxe5 Qxe5 22. Qc1 d4 23. exd4 Rxd4 24. Bc4 Rad8 25. Re2 Qc7 26. Rfe1 R4d7
1/2-1/2

[Event "C.to Provinciale NA"]
[Site "Napoli ITA"]
[Date "2011.12.15"]
[Round "2"]
[White "Di Gennaro, Antonio"]
[Black "Miccoli, Livio"]
[Result "1-0"]
[WhiteElo "1674"]
[BlackElo "1670"]
[PlyCount "77"]
[EventDate "2011.12.15"]

1. e4 e6 2. d4 d5 3. Nc3 Nf6 4. Bg5 Be7 5. e5 Nfd7 6. Bxe7 Qxe7 7. f4 c5 8. Nb5
Qd8 9. Nd6+ Ke7 10. Nf3 Qa5+ 11. c3 f6 12. dxc5 Qxc5 13. Nxc8+ Rxc8 14. exf6+
Nxf6 15. Qd4 Nbd7 16. Bd3 b5 17. O-O h6 18. Rfe1 a6 19. Re2 Qd6 20. Rc1 Nc5 21.
Bc2 Nce4 22. Bxe4 Rc4 23. Bxd5 Rxd4 24. Rxe6+ Kd7 25. Rxd6+ Kxd6 26. Bxa8 Rxf4
27. Rd1+ Kc5 28. Rd4 Rf5 29. b4+ Kb6 30. g4 Rxf3 31. Bxf3 Kc7 32. c4 Kb6 33.
c5+ Kc7 34. Rd6 Nd7 35. Rxa6 Ne5 36. Be2 Nd7 37. Bxb5 Nb8 38. Rb6 Kc8 39. a4
1-0

[Event "C.to Provinciale NA"]
[Site "Napoli ITA"]
[Date "2011.12.22"]
[Round "2"]
[White "Di Meo, Antonio"]
[Black "Avolio, Giovanni"]
[Result "1/2-1/2"]
[WhiteElo "1968"]
[BlackElo "1879"]
[PlyCount "66"]
[EventDate "2011.12.15"]

1. b3 Nf6 2. Bb2 d6 3. e3 e5 4. d3 Be7 5. Nf3 Nc6 6. c4 Bg4 7. Be2 O-O 8. O-O
Re8 9. a3 a5 10. Nc3 Bf8 11. Rc1 Ne7 12. Qc2 c6 13. Rfd1 Qc7 14. d4 Ng6 15. h3
Bd7 16. Bd3 Re7 17. Ne4 Rae8 18. dxe5 dxe5 19. Rd2 Bc8 20. Rcd1 Nd7 21. c5 f5
22. Nd6 e4 23. Bc4+ Kh8 24. Nxe8 Rxe8 25. Ng5 Nde5 26. Be2 Qe7 27. Nxe4 fxe4
28. Qxe4 Qf7 29. Bxe5 Rxe5 30. Bc4 Qe7 31. Qf3 Rf5 32. Qg4 Be6 33. Bxe6 Qxe6
1/2-1/2

[Event "C.to Provinciale NA"]
[Site "Napoli ITA"]
[Date "2011.12.22"]
[Round "2"]
[White "Esposito, Luca"]
[Black "Buiano, Fabio"]
[Result "1-0"]
[WhiteElo "2234"]
[BlackElo "2036"]
[PlyCount "85"]
[EventDate "2011.12.15"]

1. d4 d6 2. Nf3 Bg4 3. c4 Bxf3 4. exf3 g6 5. Be3 Bg7 6. Nc3 Nd7 7. Qd2 c6 8.
O-O-O Qa5 9. Kb1 a6 10. g4 b5 11. d5 Bxc3 12. Qxc3 Qxc3 13. bxc3 cxd5 14. cxb5
Rb8 15. Kc2 axb5 16. Rb1 Ne5 17. Bxb5+ Kf8 18. a4 e6 19. Bd4 f6 20. Bxe5 fxe5
21. Bc6 Rd8 22. a5 Ne7 23. Bb7 Nc8 24. Bxc8 Rxc8 25. Rb7 Ra8 26. Rhb1 Rg8 27.
Rxh7 Rg7 28. Rh8+ Rg8 29. Rxg8+ Kxg8 30. Ra1 Kf7 31. h4 Ke7 32. a6 Kd7 33. a7
Ke7 34. Kb3 Kf6 35. Kb4 d4 36. cxd4 exd4 37. Kb5 Ke5 38. Kb6 d3 39. Rd1 Kd4 40.
Kb7 Rf8 41. a8=Q Rxa8 42. Kxa8 Kc3 43. h5 1-0

[Event "C.to Provinciale NA"]
[Site "Napoli ITA"]
[Date "2011.12.22"]
[Round "2"]
[White "Esposito, Rosario"]
[Black "Caiazzo, Diego"]
[Result "1-0"]
[WhiteElo "1859"]
[BlackElo "1856"]
[PlyCount "41"]
[EventDate "2011.12.15"]

1. d4 e6 2. c4 d5 3. Nc3 Nf6 4. Bg5 Be7 5. e3 Nbd7 6. Nf3 O-O 7. Qc2 h6 8. cxd5
hxg5 9. dxe6 fxe6 10. Nxg5 Nb6 11. h4 Bb4 12. O-O-O Bxc3 13. Qxc3 Qd5 14. Kb1
Ne4 15. Qc2 Nxg5 16. hxg5 Qf5 17. Bd3 Qxg5 18. f4 Qe7 19. Bh7+ Kh8 20. Bg6+ Kg8
21. Rh2 1-0

[Event "C.to Provinciale NA"]
[Site "Napoli ITA"]
[Date "2011.12.22"]
[Round "2"]
[White "Gallo, Thomas Renato"]
[Black "Somma, Andrea"]
[Result "0-1"]
[WhiteElo "1887"]
[BlackElo "1771"]
[PlyCount "122"]
[EventDate "2011.12.15"]

1. d4 d5 2. e4 dxe4 3. Nc3 Nf6 4. f3 exf3 5. Nxf3 c6 6. Bc4 e6 7. O-O Bd6 8.
Qe1 O-O 9. Bg5 Nbd7 10. Qh4 Be7 11. Bd3 g6 12. Ne4 Re8 13. Bxf6 Nxf6 14. Neg5
Nh5 15. g4 Bxg5 16. Qxg5 Qxg5 17. Nxg5 Ng7 18. Nxf7 b6 19. Rf2 Bd7 20. Raf1 e5
21. Nxe5 Be6 22. h3 c5 23. dxc5 bxc5 24. a4 c4 25. Nxc4 Bd5 26. Nd6 Re3 27. Kh2
Ne6 28. Nc4 Bxc4 29. Bxc4 Kg7 30. Rf7+ Kh6 31. h4 Nd4 32. g5+ Kh5 33. Rxh7+ Kg4
34. Rg1+ Kf4 35. Rf7+ Nf5 36. Bd3 Rh8 37. Rf1+ Kg4 38. Bxf5+ gxf5 39. Rg1+ Kf4
40. Rg2 Rxh4+ 41. Kg1 Rhh3 42. Rf2+ Kg3 43. Rg2+ Kf4 44. g6 Re1+ 45. Kf2 Rhe3
46. Rxf5+ Kxf5 47. g7 R1e2+ 48. Kg1 Rxg2+ 49. Kxg2 Re8 50. Kf2 Rg8 51. Ke3 Ke5
52. Kd3 Kd5 53. Kc3 Rxg7 54. Kb4 Rb7+ 55. Ka3 a5 56. b3 Kd4 57. Kb2 Re7 58. c3+
Kd3 59. b4 Rb7 60. Kb3 Rb8 61. b5 Rc8 0-1

[Event "C.to Provinciale NA"]
[Site "Napoli ITA"]
[Date "2011.12.22"]
[Round "2"]
[White "La Sala, Alberto"]
[Black "Supino, Domenico"]
[Result "0-1"]
[WhiteElo "2023"]
[BlackElo "2097"]
[PlyCount "54"]
[EventDate "2011.12.15"]

1. e4 c5 2. Nf3 d6 3. d4 cxd4 4. Nxd4 Nf6 5. Nc3 g6 6. Be3 Bg7 7. Qd2 Ng4 8.
Bg5 h6 9. Bh4 Nc6 10. Bb5 Bd7 11. Nxc6 bxc6 12. Bc4 O-O 13. O-O Rb8 14. Rab1 g5
15. Bg3 Qa5 16. b4 Rxb4 17. Nd5 cxd5 18. Qxb4 Qxb4 19. Rxb4 dxc4 20. Rb7 Rd8
21. Rxa7 Kf8 22. Rb1 Bc6 23. Rc7 Bxe4 24. Rxc4 Nf6 25. a4 Ra8 26. f3 Bd5 27. a5
Bxc4 0-1

[Event "C.to Provinciale NA"]
[Site "Napoli ITA"]
[Date "2011.12.22"]
[Round "2"]
[White "Messina, Enrico"]
[Black "Capone, Vincenzo"]
[Result "1/2-1/2"]
[WhiteElo "2125"]
[BlackElo "2176"]
[PlyCount "111"]
[EventDate "2011.12.15"]

1. e4 c6 2. c4 d5 3. exd5 cxd5 4. cxd5 Qxd5 5. Nc3 Qd6 6. Bc4 Nc6 7. Nf3 Nf6 8.
d4 Bg4 9. d5 Ne5 10. Bb5+ Nfd7 11. Be2 a6 12. O-O Qg6 13. Bf4 Bxf3 14. Bxf3 Qd3
15. Be4 Qxd1 16. Rfxd1 Nc4 17. Rac1 Nd6 18. Bf3 Kd8 19. a4 g6 20. Ne4 Bg7 21.
Bxd6 exd6 22. Nxd6 Ke7 23. Nxb7 Bxb2 24. Re1+ Kf6 25. Rb1 Bc3 26. Rec1 Be5 27.
Rc6+ Kg7 28. Nd6 Rab8 29. Rxb8 Rxb8 30. g3 Rb1+ 31. Kg2 a5 32. Nc4 Bc3 33. Nd6
Be5 34. Nc4 Bc3 35. Rc7 Ne5 36. Nxe5 Bxe5 37. Ra7 Bd4 38. Re7 Rb2 39. Re2 Rxe2
40. Bxe2 Kf6 41. f4 Ke7 42. Kf3 f5 43. Bb5 Bc5 44. h3 h6 45. g4 Kf6 46. Bd7 Bd6
47. gxf5 gxf5 48. Ke3 Bc5+ 49. Kd3 Bd6 50. Ke3 Bc5+ 51. Kf3 Bd6 52. Kg3 Bc7 53.
Kf3 Bd6 54. Ke3 Bc5+ 55. Kd3 Bd6 56. Ke3 1/2-1/2

[Event "C.to Provinciale NA"]
[Site "Napoli ITA"]
[Date "2011.12.22"]
[Round "2"]
[White "Schiappoli, Dario"]
[Black "Angelotti, Mario"]
[Result "1-0"]
[WhiteElo "1942"]
[BlackElo "1792"]
[PlyCount "77"]
[EventDate "2011.12.15"]

1. e4 e6 2. Nf3 d5 3. e5 c5 4. b4 Nh6 5. bxc5 Bxc5 6. d4 Bb6 7. Bd3 Nc6 8. Bg5
Qc7 9. c3 Ne7 10. Bxh6 gxh6 11. Qd2 Ng6 12. O-O h5 13. Qh6 Qe7 14. a4 Bd7 15.
Na3 a6 16. Rfb1 Bd8 17. Rxb7 Qf8 18. Qd2 Rg8 19. Nc2 Nh4 20. Nxh4 Bxh4 21. Qe2
Qh6 22. Rab1 Bd8 23. Bxa6 h4 24. Rxd7 Qg6 25. g3 Qe4 26. Qxe4 dxe4 27. Bb5 Kf8
28. Ne3 hxg3 29. hxg3 h5 30. Bc6 Rc8 31. Bxe4 Kg7 32. Rbb7 Rf8 33. c4 Bg5 34.
f4 Bd8 35. c5 Ba5 36. Nc4 Bc3 37. Rb3 Be1 38. Kf1 Bxg3 39. Rxg3+ 1-0

[Event "C.to Provinciale NA"]
[Site "Napoli ITA"]
[Date "2011.12.22"]
[Round "2"]
[White "Sgammato, Francesco"]
[Black "Russo Spena, Vincenzo"]
[Result "1-0"]
[WhiteElo "1718"]
[BlackElo "1504"]
[PlyCount "131"]
[EventDate "2011.12.15"]

1. c4 c5 2. Nc3 Nf6 3. g3 d5 4. cxd5 Nxd5 5. Bg2 Nxc3 6. bxc3 e5 7. d3 Qc7 8.
Nf3 Nd7 9. O-O Be7 10. c4 Rb8 11. Ne1 b5 12. cxb5 Rxb5 13. a4 Rb6 14. Nc2 Bb7
15. a5 Ra6 16. e4 Rxa5 17. Bd2 Rxa1 18. Qxa1 Qb8 19. Ne3 O-O 20. Nc4 Bd8 21.
Be3 Bc7 22. Rb1 Re8 23. Qb2 Ba6 24. Qa2 Bb7 25. Qa4 Nb6 26. Nxb6 axb6 27. Bxc5
Re6 28. Be3 Qa8 29. Qb3 Qd8 30. Ra1 Rd6 31. Bf1 g6 32. Ra7 Qc8 33. f4 Rc6 34.
f5 Qb8 35. Ra2 Bc8 36. Bg2 Kg7 37. Qb2 b5 38. Qd2 Bb6 39. d4 Qd6 40. d5 Bxe3+
41. Qxe3 Rc4 42. Bf1 Ra4 43. Rf2 Ra3 44. f6+ Kg8 45. Qh6 Qf8 46. Qxf8+ Kxf8 47.
Bxb5 Re3 48. Re2 Rf3 49. d6 Rxf6 50. d7 Bxd7 51. Bxd7 Rd6 52. Ba4 Rd4 53. Bc6
Ke7 54. Kf2 Kd6 55. Bd5 f6 56. Ke3 Rd1 57. Rd2 Re1+ 58. Kf2 Rh1 59. Kg2 Re1 60.
Bg8+ Ke7 61. Bxh7 Rxe4 62. Bxg6 Rg4 63. Bf5 Rg5 64. g4 e4 65. Re2 Rg8 66. Rxe4+
1-0

[Event "C.to Provinciale NA"]
[Site "Napoli ITA"]
[Date "2011.12.22"]
[Round "2"]
[White "Vannini, Aldo"]
[Black "Taurisano, Vincenzo"]
[Result "1-0"]
[WhiteElo "1792"]
[BlackElo "1898"]
[PlyCount "55"]
[EventDate "2011.12.15"]

1. d4 d5 2. Bf4 Bf5 3. e3 Nf6 4. c4 e6 5. Nc3 c6 6. Qb3 Qb6 7. c5 Qxb3 8. axb3
Nbd7 9. Nf3 Be7 10. h3 h6 11. g4 Bh7 12. Nd2 O-O 13. b4 b5 14. Nb3 a6 15. f3
Rfc8 16. Kd2 Bd8 17. Be2 Bc7 18. Bxc7 Rxc7 19. Bd3 Bxd3 20. Kxd3 Nf8 21. h4
Rcc8 22. g5 hxg5 23. hxg5 N6h7 24. f4 f6 25. gxf6 gxf6 26. Rag1+ Kf7 27. Na5 f5
28. Nb7 1-0

[Event "C.to Provinciale NA"]
[Site "Napoli ITA"]
[Date "2012.01.05"]
[Round "3"]
[White "Angelotti, Mario"]
[Black "Borrelli, Salvatore"]
[Result "0-1"]
[WhiteElo "1792"]
[BlackElo "1961"]
[PlyCount "56"]
[EventDate "2011.12.15"]

1. e4 e6 2. d4 d5 3. Nd2 c5 4. exd5 Qxd5 5. dxc5 Nf6 6. Ngf3 Bxc5 7. Bd3 O-O 8.
O-O Nc6 9. Nb3 Bb6 10. Bg5 Nb4 11. Bxf6 gxf6 12. Qe2 Nxd3 13. cxd3 Bd7 14. h4
Bc6 15. Nbd2 Kh8 16. Ne4 Bd8 17. Nc3 Qh5 18. Rac1 Rg8 19. Ne4 f5 20. Ng3 Qg4
21. Rc4 Qg7 22. Kh2 Bd5 23. Rb4 Bc7 24. Rg1 Bd6 25. Rb5 Bxg3+ 26. fxg3 Qxg3+
27. Kh1 Rg4 28. Qe5+ Qxe5 0-1

[Event "C.to Provinciale NA"]
[Site "Napoli ITA"]
[Date "2012.01.05"]
[Round "3"]
[White "Avolio, Giovanni"]
[Black "Di Gennaro, Antonio"]
[Result "1-0"]
[WhiteElo "1879"]
[BlackElo "1674"]
[PlyCount "99"]
[EventDate "2011.12.15"]

1. c4 e5 2. Nc3 Nc6 3. g3 g6 4. Bg2 Bg7 5. d3 d6 6. Nf3 f5 7. O-O Nf6 8. Bg5 h6
9. Bd2 O-O 10. e3 Be6 11. Qe2 Re8 12. e4 g5 13. exf5 Bxf5 14. Be3 e4 15. dxe4
Nxe4 16. Nxe4 Bxe4 17. Rad1 Qf6 18. Rd2 g4 19. Nh4 Bxg2 20. Kxg2 h5 21. Qd3 Ne5
22. Qd5+ Kh8 23. Bd4 Bh6 24. Re2 c6 25. Bxe5 Rxe5 26. Qd3 Rxe2 27. Qxe2 Qf7 28.
Qd3 d5 29. cxd5 Qxd5+ 30. Qxd5 cxd5 31. Rd1 Rd8 32. Ng6+ Kh7 33. Ne7 d4 34. Nf5
Bg7 35. Nxg7 Kxg7 36. f3 gxf3+ 37. Kxf3 Rf8+ 38. Ke2 Re8+ 39. Kf3 Rf8+ 40. Kg2
Rd8 41. Rd2 Rc8 42. Kf3 Rd8 43. Ke4 Kg6 44. Rxd4 Rxd4+ 45. Kxd4 Kg5 46. h3 Kf5
47. Kd5 a6 48. a4 a5 49. Kc5 Ke4 50. Kb6 1-0

[Event "C.to Provinciale NA"]
[Site "Napoli ITA"]
[Date "2012.01.05"]
[Round "3"]
[White "Caiazzo, Diego"]
[Black "Lerro, Luca"]
[Result "1-0"]
[WhiteElo "1856"]
[BlackElo "1693"]
[PlyCount "111"]
[EventDate "2011.12.15"]

1. Nf3 Nf6 2. b3 g6 3. Bb2 Bg7 4. g3 O-O 5. Bg2 Nc6 6. O-O b6 7. c4 Bb7 8. d4
e6 9. Nc3 d5 10. e3 Ne7 11. Qc2 Nf5 12. Rac1 c6 13. Rfd1 Rc8 14. Qb1 Qc7 15.
cxd5 exd5 16. b4 Qd7 17. Ne5 Qe6 18. Nd3 Nd6 19. Nf4 Qe7 20. Ba1 g5 21. Nd3
Nfe4 22. Nxe4 Nxe4 23. Ne1 Nd6 24. Nf3 Rc7 25. Nd2 Bc8 26. Qb3 Re8 27. a4 Bg4
28. Re1 Be6 29. Bf1 Ne4 30. Nxe4 dxe4 31. Bc4 b5 32. Bxe6 bxa4 33. Bxf7+ Qxf7
34. Qxf7+ Kxf7 35. Rc5 Bf8 36. Rc4 Rb8 37. Rb1 Ke6 38. b5 a3 39. Rcc1 Kd5 40.
Kg2 Bd6 41. f4 exf3+ 42. Kxf3 cxb5 43. e4+ Ke6 44. d5+ Kd7 45. e5 Rxc1 46. Rxc1
Bf8 47. Ke4 b4 48. e6+ Ke7 49. Rc7+ Kd8 50. Rxa7 b3 51. Bf6+ Ke8 52. e7 Bxe7
53. Rxe7+ Kf8 54. Rxh7 b2 55. Bxb2 axb2 56. Rh8+ 1-0

[Event "C.to Provinciale NA"]
[Site "Napoli ITA"]
[Date "2012.01.05"]
[Round "3"]
[White "Capone, Vincenzo"]
[Black "Schiappoli, Dario"]
[Result "1-0"]
[WhiteElo "2176"]
[BlackElo "1942"]
[PlyCount "85"]
[EventDate "2011.12.15"]

1. d4 Nf6 2. Nf3 c5 3. d5 b5 4. c4 Bb7 5. a4 bxc4 6. Nc3 g6 7. e4 Bg7 8. Bxc4
O-O 9. e5 Ng4 10. Qe2 d6 11. e6 f5 12. h3 Ne5 13. Nxe5 Bxe5 14. a5 a6 15. Bh6
Nc6 16. dxc6 Bxc6 17. O-O Qc7 18. Bxf8 Rxf8 19. Rfd1 Bd4 20. Nd5 Qa7 21. Rab1
f4 22. Rxd4 cxd4 23. Qe4 Bxd5 24. Qxd5 Rf5 25. Qc6 Qc5 26. Qxc5 Rxc5 27. Bxa6
Rxa5 28. Bd3 Kg7 29. b4 Ra3 30. Bc4 Rc3 31. Bf1 Kf6 32. b5 Kxe6 33. b6 Rc8 34.
b7 Rb8 35. Ba6 Kd7 36. Kf1 Kc7 37. Rc1+ Kb6 38. Rc8 Ka7 39. Ke2 Kxa6 40. Rxb8
Ka7 41. Re8 Kxb7 42. Rxe7+ Kc6 43. Kd3 1-0